Engineering Metrology (Record no. 4806)

MARC details
000 -LEADER
fixed length control field 00369nam a22001577a 4500
005 - DATE AND TIME OF LATEST TRANSACTION
control field 20160630092715.0
008 - FIXED-LENGTH DATA ELEMENTS--GENERAL INFORMATION
fixed length control field 160630b xxu||||| |||| 00| 0 eng d
041 ## - LANGUAGE CODE
Language code of text/sound track or separate title eng
082 ## - DEWEY DECIMAL CLASSIFICATION NUMBER
Item number 10896
100 ## - MAIN ENTRY--AUTHOR NAME
Personal name Jain, R.K.
245 ## - TITLE STATEMENT
Title Engineering Metrology
260 ## - PUBLICATION, DISTRIBUTION, ETC. (IMPRINT)
Name of publisher Khanna Publishers
Year of publication 1981
300 ## - PHYSICAL DESCRIPTION
Number of Pages 891
650 ## - SUBJECT ADDED ENTRY--TOPICAL TERM
Topical Term Deploma Engineering
942 ## - ADDED ENTRY ELEMENTS (KOHA)
Koha item type Books
Holdings
Lost status Damaged status Collection code Home library Current library Shelving location Date acquired Full call number Accession Number Koha item type
    MINING JRU Library JRU Library SHELF-59-A 30/06/2016 10896 10896 Books